|
|
|
|
| LEADER |
00000nab a2200000 a 4500 |
| 001 |
vtls000790263 |
| 003 |
SK-MaSNL |
| 005 |
20260304171943.0 |
| 008 |
140303c2002 xo 0 slo |
| 015 |
|
|
|a SNBRB2002/04-12045
|
| 035 |
|
|
|a CLN000141918
|
| 040 |
|
|
|a SNKBUCL
|b slo
|c SNKBUCL
|e AACR2
|
| 041 |
0 |
|
|a slo
|
| 044 |
|
|
|a xo
|c SK
|
| 080 |
|
|
|a 616.8(437.6+437.1/.2):061.3
|2 1997
|
| 080 |
|
|
|a 616.8:616-097(437.6+437.1/.2):061.3
|2 1997
|
| 100 |
1 |
|
|a Drobný, Michal,
|d 1934-
|4 aut
|9 178678
|
| 245 |
1 |
0 |
|a Mladí neurológovia a imunológovia medzinárodne
|b začiatok martinského zjazdu okorenil prvý intravaskulárny zákrok na Slovensku
|c Michal Drobný
|
| 611 |
1 |
7 |
|a Zjazd mladých slovenských a českých neurológov
|n (17. :
|d 2002 :
|c Martin, Slovensko)
|2 snkbucl
|9 1501002
|
| 611 |
1 |
7 |
|a Neuroimunologické dni
|n (3. :
|d 2002 :
|c Martin, Slovensko)
|2 snkbucl
|9 1501003
|
| 650 |
0 |
7 |
|a neurológia
|2 snkbucl
|9 908
|
| 650 |
0 |
7 |
|a neuroimunológia
|2 snkbucl
|9 13575
|
| 655 |
|
7 |
|a články z novín a časopisov
|2 snkbucl
|9 267496
|
| 773 |
0 |
|
|t Zdravotnícke noviny
|g Roč. 7, č. 11 (2002), s. 13
|x 1335-4477
|
| 850 |
|
|
|a Slovenská národná knižnica v Martine
|
| 852 |
|
|
|a SNK
|b KIS3GCP
|
| 958 |
|
|
|a MI
|
| 958 |
|
|
|a SK
|
| 958 |
|
|
|a CZ
|
| 992 |
|
|
|a RBX
|
| 999 |
|
|
|c 2995696
|d 2997626
|